Normal view
MARC view
Entry Personal Name
001 - CONTROL NUMBER
- control field: 166612
003 - CONTROL NUMBER IDENTIFIER
- control field: OSt
005 - DATE AND TIME OF LATEST TRANSACTION
- control field: 20220923222304.0
008 - FIXED-LENGTH DATA ELEMENTS
- fixed length control field: 220923|| aca||aabn | a|a d
040 ## - CATALOGING SOURCE
- Original cataloging agency: OSt
- Transcribing agency: OSt
100 ## - HEADING--PERSONAL NAME
- Personal name: अत्रे, प्र्र के; गोखले, प्रमिला, अनु
670 ## - SOURCE DATA FOUND
- Source citation: Work cat.: (OSt)355049: अत्रे, प्र्र के; गोखले, प्रमिला, अनु., मैं वो नहीं हॅं, 1984
